000 00359nam a2200145Ia 4500
008 230711s9999||||xx |||||||||||||| ||und||
041 _aENG
082 _a621
_bHO-E
100 _aHolman,J.P
245 0 _aExperiment methods for engineer
250 _a1st
260 _c1990
_aNew York
_bTata McGraw Hill Education Limited
650 _aMathematics
942 _cBK
999 _c539
_d539